Español 3. Libros de recursos para el profesorado.

Shranjeno v:
Bibliografske podrobnosti
Glavni avtor: Gutiérrez Sandoval, Graciela (autor)
Drugi avtorji: Chávez Campos, Blanca Margarita (autor) (autor)
Format: Knjiga
Jezik:španščina
Teme:
Oznake: Označite
Brez oznak, prvi označite!

MARC

LEADER 00000nam^a2200000^u^4500
001 000523037
005 20250521000000.0
008 120809s1000^^^^^^^^^^^^r^^^^^000^0^spa^d
009 20260310130557.655
022 |a 9702907152 
035 |a FCE 000067279 
037 |a Acervo ITESO - Biblioteca 
041 |a spa 
082 0 4 |a 373.6  |b ESP-GUTe 3 
100 |a Gutiérrez Sandoval, Graciela  |e (autor) 
245 1 0 |a Español 3.  |b Libros de recursos para el profesorado. 
264 |a México:  |b Santillana,  |c 2003. 
300 |a 247 p. 
336 |a texto  |b txt  |2 rdacontenido 
337 |a sin mediación  |b n  |2 rdamedio 
338 |a volumen  |b nc  |2 rdasoporte 
649 |a XX 
650 |a Enseñanza del español 
650 |a Guía del docente 
650 |a Material de apoyo 
650 |a Libros de texto 
650 |a Auxiliar didáctico 
650 |a Educación secundaria 
700 |a Chávez Campos, Blanca Margarita  |e (autor) 
910 |a Fondo Centro de Estudios Educativos 
920 |a Impresos - Libros 
930 |a Fondos Especiales 
905 |a 133 
901 |a ALE072114  |b IT2  |c CEE  |u 20250521 
902 |a https://opac.biblio.iteso.mx/vufind/Record/000523037